Co ta za Firma? #2 - Statystyki

Ogólne statystyki
  • Ten quiz został rozwiązany 26 razy
  • Średni wynik to 13 z 16
Statystyki odpowiedzi
Obrazkowy Odpowiedź % Poprawnych
Instagram
100%
KFC
100%
Biedronka
96%
Messenger
96%
Netflix
96%
Auchan
92%
McDonald's
92%
Orlen
92%
Shell
92%
Starbucks
88%
bp
75%
Microsoft
75%
Netto
75%
Umbro
75%
Tinder
71%
Nitendo
25%
Nie znaleziono quizów pasujących do podanych kryteriów
Rozkład punktacji
Procent ludzi z każdym wynikiem
Percentyl według liczby udzielonych odpowiedzi
Twoja historia wyników
Nie rozwiązałeś tego quizu